<?xml version="1.0" encoding="UTF-8"?><?xml-stylesheet type="text/xsl" href="static/style.xsl"?><OAI-PMH xmlns="http://www.openarchives.org/OAI/2.0/" xmlns:xsi="http://www.w3.org/2001/XMLSchema-instance" xsi:schemaLocation="http://www.openarchives.org/OAI/2.0/ http://www.openarchives.org/OAI/2.0/OAI-PMH.xsd"><responseDate>2026-04-14T02:50:38Z</responseDate><request verb="GetRecord" identifier="oai:www.recercat.cat:2117/459884" metadataPrefix="marc">https://recercat.cat/oai/request</request><GetRecord><record><header><identifier>oai:recercat.cat:2117/459884</identifier><datestamp>2026-03-31T09:50:32Z</datestamp><setSpec>com_2072_1033</setSpec><setSpec>col_2072_452950</setSpec></header><metadata><record xmlns="http://www.loc.gov/MARC21/slim" xmlns:dcterms="http://purl.org/dc/terms/" xmlns:xsi="http://www.w3.org/2001/XMLSchema-instance" xmlns:doc="http://www.lyncode.com/xoai" xsi:schemaLocation="http://www.loc.gov/MARC21/slim http://www.loc.gov/standards/marcxml/schema/MARC21slim.xsd">
   <leader>00925njm 22002777a 4500</leader>
   <datafield ind2=" " ind1=" " tag="042">
      <subfield code="a">dc</subfield>
   </datafield>
   <datafield ind2=" " ind1=" " tag="720">
      <subfield code="a">Solla, Mercedes</subfield>
      <subfield code="e">author</subfield>
   </datafield>
   <datafield ind2=" " ind1=" " tag="720">
      <subfield code="a">Pérez Gracia, María de la Vega</subfield>
      <subfield code="e">author</subfield>
   </datafield>
   <datafield ind2=" " ind1=" " tag="720">
      <subfield code="a">Fontul, Simona</subfield>
      <subfield code="e">author</subfield>
   </datafield>
   <datafield ind2=" " ind1=" " tag="520">
      <subfield code="a">Corrosion affecting reinforced concrete structures is a critical concern in civil engineering in terms of structural integrity, especially in critical infrastructure, safety risks to users, and long-term durability and safe operation over time, as well as for environmental impact and financial implications. Within this context, early detection of corrosion in reinforced concrete structures is crucial for time intervention, enabling preventive maintenance and anticipating future deterioration. This work proposes the GroundPenetrating Radar (GPR) as a recognized method for assessing corrosion in concrete structures. First, an overview of the effects of corrosion on the GPR signal, and how it can be detectable from the GPR data, is presented. Next, two different case studies are addressed, including the evaluation of a precast bridge deck in Galicia, and the unique structures of the UNESCO World Heritage Site of Park Güell in Barcelona. New trends on the development of robots to improve accessibility and autonomous data collection are also commented, as well as the use of artificial intelligence for automatic corrosion detection and the possibilities for data digitization into interoperable Building Information Modelling (BIM) and digital twin environments. Finally, it should be highlighted that identifying corrosion at an early stage allows engineers to take proactive measures to prolong the lifespan and serviceability of structures.</subfield>
   </datafield>
   <datafield ind2=" " ind1=" " tag="520">
      <subfield code="a">Postprint (published version)</subfield>
   </datafield>
   <datafield tag="653" ind2=" " ind1=" ">
      <subfield code="a">Àrees temàtiques de la UPC::Enginyeria civil::Geotècnia</subfield>
   </datafield>
   <datafield tag="653" ind2=" " ind1=" ">
      <subfield code="a">Corrosion detection</subfield>
   </datafield>
   <datafield tag="653" ind2=" " ind1=" ">
      <subfield code="a">GPR</subfield>
   </datafield>
   <datafield tag="653" ind2=" " ind1=" ">
      <subfield code="a">Reinforced concrete</subfield>
   </datafield>
   <datafield tag="653" ind2=" " ind1=" ">
      <subfield code="a">Signature</subfield>
   </datafield>
   <datafield ind2="0" ind1="0" tag="245">
      <subfield code="a">Corrosion assessment of reinforced concrete structures using ground-penetrating radar</subfield>
   </datafield>
</record></metadata></record></GetRecord></OAI-PMH>